000 00367 a2200109 4500
001 ART_10392
005 20260410161732.0
008 260409a
245 1 0 _aPautas presupuestarias 1986 y la Carta Intención remitida al F.M.I del 23-2-86
100 1 _aRossi, Rodolfo C.
773 0 _tEjecutivos de finanzas
_g- Año 3, Nº 25 (mar. 1986)
_wREV2863
999 _c17909
_d17909